| 000 | 00422nam a22001577a 4500 | ||
|---|---|---|---|
| 999 |
_c4092 _d4092 |
||
| 008 | 200716b ||||| |||| 00| 0 eng d | ||
| 082 | 0 | 0 |
_a662.7 _bW4521 |
| 100 |
_93368 _a Wellington, S. N. |
||
| 245 | 1 | 0 |
_aLow temperature carbonisation, _cby S. N. Wellington |
| 260 |
_aLondon _bCharles Griffin & Co _c1924 |
||
| 300 | _aix, 238 p. | ||
| 365 | _d16.00 | ||
| 650 | 0 | _aCoal | |
| 700 |
_93369 _a Cooper, W. R. |
||
| 942 | _cBK | ||